Gramya unnayanar samajtattwa (Record no. 8631)

MARC details
000 -LEADER
fixed length control field 00589cam a2200229ua 4500
001 - CONTROL NUMBER
control field 9610
005 - DATE AND TIME OF LATEST TRANSACTION
control field 20260515114510.0
008 - FIXED-LENGTH DATA ELEMENTS--GENERAL INFORMATION
fixed length control field 160309n ii |||gr||||Z||||||asm
020 ## - INTERNATIONAL STANDARD BOOK NUMBER
International Standard Book Number 9789381784839
040 ## - CATALOGING SOURCE
Transcribing agency MAIN
041 ## - LANGUAGE CODE
Language code of text/sound track or separate title asm
082 ## - DEWEY DECIMAL CLASSIFICATION NUMBER
Classification number 307.14
100 ## - MAIN ENTRY--PERSONAL NAME
Personal name Saikia, Jyoti Prasad,
Relator term Author.
245 1# - TITLE STATEMENT
Title Gramya unnayanar samajtattwa
Statement of responsibility, etc. by Jyoti Prasad Saikia
250 ## - EDITION STATEMENT
Edition statement 2nd ed.
260 ## - PUBLICATION, DISTRIBUTION, ETC.
Place of publication, distribution, etc. Jorhat:
Name of publisher, distributor, etc. Bidya bhawan,
Date of publication, distribution, etc. 2015.
300 ## - PHYSICAL DESCRIPTION
Extent 170p.
653 ## - INDEX TERM--UNCONTROLLED
Uncontrolled term Communities
653 ## - INDEX TERM--UNCONTROLLED
Uncontrolled term Sociology of rural development
700 ## - ADDED ENTRY--PERSONAL NAME
Personal name Gogoi, Rekhamoni,
Relator term Author.
942 ## - ADDED ENTRY ELEMENTS (KOHA)
Koha item type Books
Holdings
Withdrawn status Lost status Damaged status Not for loan Home library Current library Shelving location Date acquired Total checkouts Full call number Barcode Date last seen Date last checked out Copy number Price effective from Koha item type
        Naharkatiya College Library Naharkatiya College Library General stacks 09/19/2020 1 307.14 | SAI 23097 09/04/2021 08/02/2021 4 09/19/2020 Books
        Naharkatiya College Library Naharkatiya College Library General stacks 09/19/2020 3 307.14 | SAI 23098 09/04/2021 08/28/2021 3 09/19/2020 Books
        Naharkatiya College Library Naharkatiya College Library General stacks 09/19/2020 2 307.14 | SAI 23099 09/04/2021 08/16/2021 2 09/19/2020 Books
        Naharkatiya College Library Naharkatiya College Library General stacks 09/19/2020   307.14 | SAI 23100 09/04/2021   1 09/19/2020 Books